000 00381nam a2200157Ia 4500
005 20250423095556.0
008 250422s9999 xx 000 0 und d
020 _a0- 07- 016193- 3
050 _aQD 251.2 .D43/
100 _aJohn A. Dean
245 0 _aHandbook of organic chemistry
260 _bMCGraw- Hill
260 _c1987
650 _aChemistry, organic
942 _cBK
999 _c30691
_d30691